00841nam a2200229Ia 4500003000900000008004100009020001800050040001600068080001300084245013400097260004900231300001500280490003000295650004000325650003100365700002800396700002900424700002700453942000700480999001700487952010700504IN-BaIIA211028s9999 xx 000 0 eng d a0-87590-097-6 cIIA Library a577bKAS 0aInverse methods in global biogeochemical cyclescedited by P. Kasibhatla…[et al.]  aWashingtonbAmerican Geophysical Unionc2000 avii, 324p. aGeophyical monograph; 114 aGlobal biogeochemical cycles928952 aTracer assimilation928953 aHeimann, M., ed.928954 aMahowald, N., ed.928955 aRayner, P., ed.928956 cBK c15710d15710 00104070aBANbBANcGENd2004-08-21eAGU l0o577/ KASp16632r2021-11-05w2004-08-21yBK 68.00